Η αξία γης στον αστικό χώρο : διερεύνηση των παραγόντων που διαμορφώνουν και επηρεάζουν την αξία γης των αστικών ακινήτων
Αποθηκεύτηκε σε:
| Συγγραφή απο Οργανισμό/Αρχή: | |
|---|---|
| Μορφή: | Βιβλίο |
| Γλώσσα: | Greek |
| Δημοσίευση: |
Αθήνα :
ΚΕΠΕ,
1985
|
| Σειρά: | Θέματα προγραμματισμού ;
; 9 |
| Θέματα: | |
| Ετικέτες: |
Προσθήκη ετικέτας
Δεν υπάρχουν, Καταχωρήστε ετικέτα πρώτοι!
|
MARC
| LEADER | 00000nam a2200000 i 4500 | ||
|---|---|---|---|
| 001 | 1/53191 | ||
| 008 | 960426s1985 gre d | ||
| 035 | |l 10027479 | ||
| 040 | |a GR-MY-UA |b gre |e aacr | ||
| 041 | 0 | |a gre | |
| 082 | 0 | |a 333.3320949 | |
| 110 | 2 | |a Κέντρο Προγραμματισμού και Οικονομικών Ερευνών. | |
| 245 | 1 | 2 | |a Η αξία γης στον αστικό χώρο : |b διερεύνηση των παραγόντων που διαμορφώνουν και επηρεάζουν την αξία γης των αστικών ακινήτων |
| 260 | |a Αθήνα : |b ΚΕΠΕ, |c 1985 | ||
| 300 | |a 147 σ. | ||
| 490 | 1 | |a Θέματα προγραμματισμού |v ; 9 | |
| 650 | 0 | 0 | |a Real property |x Valuation |x Greece. |
| 830 | 0 | |a Θέματα προγραμματισμού ; |v ; 9 | |
| 852 | |a INST |b CHIOS |e 19960426 |h 333.33209495 ΑΞΙ |p 005200005477 |q 005200005477 |t BK |y 0 | ||
| 852 | |a INST |b CHIOS |e 19981214 |h 333.33209495 ΑΞΙ |p 005200015217 |q 005200015217 |t BK |y 0 | ||
| 909 | |a Χ |b 000193 | ||
| 909 | |a X |b 055113 | ||
| 922 | |a 2ΔΩΡ |b 199812 |d ΛΕΜΟΝΙΑ | ||